000 00692nam a2200193Ia 4500
001 IA_4818,28/05/2012,04/06/2012,5232272011 mx aimn8222223322spa16,"
008 220117s xx 000 0 und d
010 _a184374
020 _a978-968-18-6368-5
082 _a664 I58 2011
110 _aAcademia del Area de Plantas Piloto de Alimentos
_9145107
245 _aIntroducción a la tecnología de alimentos /
_c Academia del Área de Plantas Piloto de Alimentos ; Salvador Bedolla Bernal...[et al.]
250 _a2a ed.
260 _aMéxico :
_bLimusa,
300 _a148p.
440 _aQuímica
_993553
503 _aC/e
504 _aIncluye bibliografías
999 _c184374
_d184374